Largest Cities In Oregon - Statistics

General Stats
  • This quiz has been taken 13 times
  • The average score is 14 of 20
Answer Stats
Rank Population City % Correct
3 165,997 Eugene
100%
1 639,387 Portland
100%
2 166,756 Salem
100%
6 97,012 Beaverton
85%
7 90,500 Bend
85%
10 57,213 Corvallis
85%
8 80,051 Medford
85%
16 37,201 Grants Pass
77%
4 110,770 Gresham
77%
5 104,730 Hillsboro
77%
12 52,736 Albany
62%
14 38,705 Lake Oswego
62%
17 36,040 Oregon City
62%
9 61,525 Springfield
62%
13 52,368 Tigard
62%
15 38,479 Keizer
54%
19 29,234 Redmond
54%
20 27,338 Tualatin
54%
18 33,662 McMinnville
46%
11 55,492 Aloha
38%
No matching quizzes found
Score Distribution
Percent of People with Each Score
Percentile by Number Answered
Your Score History
You have not taken this quiz